[Event "WCO 2016"]
[Site "?"]
[Date "2016.09.11"]
[Round "9"]
[Board "7"]
[WhiteID "1305620"]
[White "De Seroux Camille"]
[BlackID "1513591"]
[Black "Machlik Edit"]
[Result "1/2-1/2"]
[BlackElo "2056"]
[WhiteElo "2101"]
[LiveChessVersion "1.4.8"]

1. e4 {[%clk 1:30:57]} c6 {[%clk 1:30:58]} 2. d4 {[%clk 1:31:21]} d5
{[%clk 1:31:25]} 3. exd5 {[%clk 1:31:46]} cxd5 {[%clk 1:31:50]} 4. Bd3
{[%clk 1:32:10]} Nc6 {[%clk 1:32:08]} 5. c3 {[%clk 1:32:34]} Qc7 {[%clk 1:32:15]}
6. h3 {[%clk 1:32:46]} Nf6 {[%clk 1:32:23]} 7. Nf3 {[%clk 1:33:06]} g6
{[%clk 1:32:27]} 8. O-O {[%clk 1:33:25]} Bf5 {[%clk 1:28:51]} 9. Ne5
{[%clk 1:33:47]} Bxd3 {[%clk 1:15:57]} 10. Nxd3 {[%clk 1:33:08]} Bg7
{[%clk 1:16:21]} 11. Bf4 {[%clk 1:31:52]} Qc8 {[%clk 1:14:46]} 12. Re1
{[%clk 1:30:32]} O-O {[%clk 1:14:57]} 13. Nd2 {[%clk 1:26:52]} a6
{[%clk 1:11:56]} 14. a4 {[%clk 1:16:48]} b5 {[%clk 1:08:20]} 15. axb5
{[%clk 1:00:24]} axb5 {[%clk 1:07:20]} 16. Rxa8 {[%clk 0:55:41]} Qxa8
{[%clk 1:07:43]} 17. Qb3 {[%clk 0:56:03]} Qa5 {[%clk 1:02:29]} 18. Ne5
{[%clk 0:53:35]} Nb8 {[%clk 0:56:07]} 19. Nb1 {[%clk 0:39:54]} e6
{[%clk 0:39:08]} 20. Na3 {[%clk 0:39:20]} b4 {[%clk 0:38:21]} 21. Qxb4
{[%clk 0:25:47]} Qxb4 {[%clk 0:38:46]} 22. cxb4 {[%clk 0:26:12]} Nbd7
{[%clk 0:38:22]} 23. Nc6 {[%clk 0:14:23]} Nb6 {[%clk 0:34:49]} 24. b5
{[%clk 0:12:39]} Ra8 {[%clk 0:32:49]} 25. Ra1 {[%clk 0:10:04]} Nfd7
{[%clk 0:27:24]} 26. Nc2 {[%clk 0:09:43]} Rxa1+ {[%clk 0:26:30]} 27. Nxa1
{[%clk 0:10:09]} f6 {[%clk 0:26:32]} 28. Bc7 {[%clk 0:07:20]} Bf8
{[%clk 0:23:40]} 29. Nb3 {[%clk 0:04:34]} Na4 {[%clk 0:18:53]} 30. Nba5
{[%clk 0:04:18]} Nab6 {[%clk 0:17:20]} 31. Nb7 {[%clk 0:04:11]} Na8
{[%clk 0:16:21]} 32. Bg3 {[%clk 0:02:56]} Nab6 {[%clk 0:14:50]} 33. Nbd8
{[%clk 0:02:09]} Nc4 {[%clk 0:14:08]} 34. Nxe6 {[%clk 0:01:33]} Nxb2
{[%clk 0:14:15]} 35. Bc7 {[%clk 0:01:13]} Nc4 {[%clk 0:14:07]} 36. Kf1
{[%clk 0:01:14]} Bd6 {[%clk 0:12:44]} 37. Ke2 {[%clk 0:00:44]} Kf7
{[%clk 0:12:07]} 38. Bxd6 {[%clk 0:00:59]} Nxd6 {[%clk 0:10:59]} 39. Nc7
{[%clk 0:01:14]} Nb6 {[%clk 0:10:29]} 40. Nb4 {[%clk 0:31:12]} f5
{[%clk 0:36:39]} 41. Kd3 {[%clk 0:24:10]} g5 {[%clk 0:36:34]} 42. f3
{[%clk 0:19:13]} h5 {[%clk 0:35:49]} 43. Nbxd5 {[%clk 0:18:14]} Nxd5
{[%clk 0:35:35]} 44. Nxd5 {[%clk 0:18:36]} Nxb5 {[%clk 0:36:01]} 45. Kc4
{[%clk 0:18:14]} Nd6+ {[%clk 0:35:57]} 46. Kc5 {[%clk 0:18:35]} Ke6
{[%clk 0:36:00]} 47. Kc6 {[%clk 0:15:10]} Nc4 {[%clk 0:32:56]} 48. Nc7+
{[%clk 0:13:24]} Ke7 {[%clk 0:33:16]} 49. d5 {[%clk 0:12:24]} Ne5+
{[%clk 0:29:25]} 50. Kc5 {[%clk 0:12:09]} g4 {[%clk 0:27:10]} 51. fxg4
{[%clk 0:05:34]} fxg4 {[%clk 0:26:37]} 52. Ne6 {[%clk 0:04:21]} gxh3
{[%clk 0:21:24]} 53. gxh3 {[%clk 0:04:44]} h4 {[%clk 0:18:10]} 54. Nf4
{[%clk 0:03:33]} Kd7 {[%clk 0:16:28]} 55. Nh5 {[%clk 0:02:04]} Nd3+
{[%clk 0:15:02]} 56. Kd4 {[%clk 0:02:28]} Nf2 {[%clk 0:14:19]} 57. Nf4
{[%clk 0:01:04]} Kd6 {[%clk 0:14:34]} 58. Ng2 {[%clk 0:00:58]} Nxh3
{[%clk 0:14:33]} 59. Nxh4 {[%clk 0:01:23]} Nf4 {[%clk 0:13:34]} 60. Nf5+
{[%clk 0:01:42]} Kd7 {[%clk 0:13:38]} 61. d6 {[%clk 0:02:08]} Ke6
{[%clk 0:11:19]} 62. Ke4 {[%clk 0:02:33]} Nd5 {[%clk 0:10:20]} 63. Kf3
{[%clk 0:02:41]} Nf6 {[%clk 0:10:26]} 64. Kf4 {[%clk 0:03:00]} Ne8
{[%clk 0:10:39]} 65. Kg5 {[%clk 0:03:25]} Nxd6 {[%clk 0:11:01]} 66. Nxd6
{[%clk 0:03:53]} Kxd6 {[%clk 0:11:26]} 1/2-1/2

[Event "WCO 2016"]
[Site "?"]
[Date "2016.09.11"]
[Round "9"]
[Board "8"]
[WhiteID "1513621"]
[White "Machlik Monika"]
[BlackID "1304313"]
[Black "Stoeri Laura"]
[Result "0-1"]
[BlackElo "2084"]
[WhiteElo "2060"]
[LiveChessVersion "1.4.8"]

1. d4 {[%clk 1:30:59]} Nf6 {[%clk 1:30:50]} 2. c4 {[%clk 1:31:25]} e6
{[%clk 1:31:16]} 3. Nc3 {[%clk 1:31:44]} Bb4 {[%clk 1:31:41]} 4. Qc2
{[%clk 1:32:10]} O-O {[%clk 1:32:04]} 5. a3 {[%clk 1:32:24]} Bxc3+
{[%clk 1:32:23]} 6. Qxc3 {[%clk 1:32:50]} b5 {[%clk 1:32:20]} 7. cxb5
{[%clk 1:31:55]} c6 {[%clk 1:32:45]} 8. Bg5 {[%clk 1:31:49]} cxb5
{[%clk 1:33:06]} 9. e3 {[%clk 1:31:35]} Bb7 {[%clk 1:33:32]} 10. Nf3
{[%clk 1:30:30]} h6 {[%clk 1:33:49]} 11. Bh4 {[%clk 1:30:28]} g5 {[%clk 1:34:15]}
12. Bg3 {[%clk 1:30:42]} Ne4 {[%clk 1:34:32]} 13. Qd3 {[%clk 1:27:19]} a6
{[%clk 1:34:57]} 14. Nd2 {[%clk 1:25:26]} f5 {[%clk 1:35:19]} 15. Nxe4
{[%clk 1:15:38]} Bxe4 {[%clk 1:35:44]} 16. Qd2 {[%clk 1:15:11]} Nc6
{[%clk 1:36:06]} 17. f3 {[%clk 1:08:00]} Na5 {[%clk 1:36:06]} 18. Qd1
{[%clk 0:51:30]} Bd5 {[%clk 1:29:08]} 19. b4 {[%clk 0:49:03]} Nc4
{[%clk 1:26:57]} 20. Bxc4 {[%clk 0:42:52]} Bxc4 {[%clk 1:27:07]} 21. Qd2
{[%clk 0:36:17]} a5 {[%clk 0:57:42]} 22. Bd6 {[%clk 0:26:03]} Rf7
{[%clk 0:57:04]} 23. bxa5 {[%clk 0:25:27]} Rxa5 {[%clk 0:54:46]} 24. Kf2
{[%clk 0:22:04]} Ra6 {[%clk 0:47:05]} 25. Bg3 {[%clk 0:20:45]} Qf8
{[%clk 0:27:30]} 26. Qb2 {[%clk 0:16:53]} Qe7 {[%clk 0:26:44]} 27. f4
{[%clk 0:08:01]} Rf8 {[%clk 0:18:02]} 28. Rhc1 {[%clk 0:07:33]} Rfa8
{[%clk 0:18:00]} 29. Kg1 {[%clk 0:02:07]} Rxa3 {[%clk 0:15:12]} 30. Rxa3
{[%clk 0:02:03]} Rxa3 {[%clk 0:10:32]} 31. Bf2 {[%clk 0:01:56]} Ra2
{[%clk 0:10:12]} 32. Qc3 {[%clk 0:02:12]} g4 {[%clk 0:09:11]} 33. Rb1
{[%clk 0:01:09]} Qd6 {[%clk 0:07:31]} 34. Ra1 {[%clk 0:00:55]} b4
{[%clk 0:07:04]} 35. Qc1 {[%clk 0:01:03]} b3 {[%clk 0:05:58]} 36. Rb1
{[%clk 0:01:04]} Qa6 {[%clk 0:04:18]} 37. Be1 {[%clk 0:01:12]} Rc2
{[%clk 0:02:39]} 38. Qd1 {[%clk 0:00:44]} Be2 {[%clk 0:03:01]} 39. Ra1
{[%clk 0:00:45]} Qc6 {[%clk 0:02:16]} 40. Qb1 {[%clk 0:30:44]} Bf1
{[%clk 0:30:59]} 41. d5 {[%clk 0:26:18]} Qxd5 {[%clk 0:30:36]} 0-1

[Event "WCO 2016"]
[Site "?"]
[Date "2016.09.11"]
[Round "9"]
[Board "5"]
[WhiteID "8600643"]
[White "Li Ruofan"]
[BlackID "4501993"]
[Black "Golubenko Valentina"]
[Result "0-1"]
[BlackElo "2245"]
[WhiteElo "2353"]
[LiveChessVersion "1.4.8"]

1. Nf3 {[%clk 1:30:56]} Nf6 {[%clk 1:29:56]} 2. c4 {[%clk 1:31:19]} c5
{[%clk 1:22:22]} 3. d4 {[%clk 1:30:16]} cxd4 {[%clk 1:13:04]} 4. Nxd4
{[%clk 1:30:41]} e5 {[%clk 1:13:18]} 5. Nb5 {[%clk 1:30:50]} d5 {[%clk 1:13:43]}
6. cxd5 {[%clk 1:31:14]} Bc5 {[%clk 1:14:09]} 7. N5c3 {[%clk 1:31:27]} O-O
{[%clk 1:07:43]} 8. g3 {[%clk 1:31:32]} Qb6 {[%clk 1:03:30]} 9. e3
{[%clk 1:31:51]} Bg4 {[%clk 1:03:23]} 10. Be2 {[%clk 1:29:00]} Bh3
{[%clk 0:57:56]} 11. g4 {[%clk 1:18:24]} Ne8 {[%clk 0:42:15]} 12. a3
{[%clk 0:55:15]} Qh6 {[%clk 0:35:19]} 13. b4 {[%clk 0:47:41]} Bb6
{[%clk 0:33:38]} 14. Rg1 {[%clk 0:47:23]} f5 {[%clk 0:32:45]} 15. Na4
{[%clk 0:36:00]} fxg4 {[%clk 0:21:55]} 16. Nxb6 {[%clk 0:35:17]} axb6
{[%clk 0:21:00]} 17. e4 {[%clk 0:21:21]} Qh4 {[%clk 0:21:13]} 18. Be3
{[%clk 0:21:46]} Nd6 {[%clk 0:17:37]} 19. Nc3 {[%clk 0:18:11]} Nd7
{[%clk 0:16:19]} 20. Bxg4 {[%clk 0:13:41]} Nc4 {[%clk 0:11:54]} 21. Bxh3
{[%clk 0:08:33]} Nxe3 {[%clk 0:10:52]} 22. Qe2 {[%clk 0:08:27]} Rac8
{[%clk 0:02:33]} 23. Rg3 {[%clk 0:04:23]} Rxc3 {[%clk 0:02:24]} 24. Rxe3
{[%clk 0:01:59]} Rxf2 {[%clk 0:01:25]} 25. Be6+ {[%clk 0:02:00]} Kh8
{[%clk 0:01:54]} 26. Rxc3 {[%clk 0:00:34]} Rxe2+ {[%clk 0:02:05]} 27. Kxe2
{[%clk 0:00:57]} Qxe4+ {[%clk 0:02:18]} 28. Kd2 {[%clk 0:01:18]} Qf4+
{[%clk 0:01:53]} 29. Kc2 {[%clk 0:01:24]} Nf8 {[%clk 0:01:47]} 30. Rc8
{[%clk 0:00:32]} g6 {[%clk 0:01:44]} 31. Kb3 {[%clk 0:00:31]} Kg7
{[%clk 0:02:02]} 32. Rc7+ {[%clk 0:00:58]} Kh6 {[%clk 0:02:23]} 33. Rac1
{[%clk 0:00:33]} e4 {[%clk 0:01:50]} 34. R1c3 {[%clk 0:00:32]} Qe5
{[%clk 0:00:52]} 0-1

[Event "WCO 2016"]
[Site "?"]
[Date "2016.09.11"]
[Round "9"]
[Board "6"]
[WhiteID "14507943"]
[White "Franciskovic Borka"]
[BlackID "8602425"]
[Black "Gong Qianyun"]
[Result "0-1"]
[BlackElo "2262"]
[WhiteElo "2267"]
[LiveChessVersion "1.4.8"]

1. Nf3 {[%clk 1:30:56]} Nf6 {[%clk 1:30:30]} 2. g3 {[%clk 1:31:02]} b6
{[%clk 1:30:37]} 3. Bg2 {[%clk 1:31:13]} Bb7 {[%clk 1:31:00]} 4. c4
{[%clk 1:31:04]} e6 {[%clk 1:31:24]} 5. O-O {[%clk 1:31:06]} Be7 {[%clk 1:31:46]}
6. d4 {[%clk 1:30:07]} O-O {[%clk 1:30:43]} 7. Re1 {[%clk 1:28:46]} Na6
{[%clk 1:29:53]} 8. Ne5 {[%clk 1:23:59]} Bxg2 {[%clk 1:29:32]} 9. Kxg2
{[%clk 1:24:25]} c5 {[%clk 1:29:57]} 10. d5 {[%clk 1:04:14]} Qc7 {[%clk 1:30:13]}
11. Nf3 {[%clk 1:00:09]} Ne4 {[%clk 1:30:23]} 12. Nbd2 {[%clk 0:54:09]} f5
{[%clk 1:22:27]} 13. dxe6 {[%clk 0:43:22]} dxe6 {[%clk 1:21:50]} 14. Nxe4
{[%clk 0:39:53]} fxe4 {[%clk 1:22:15]} 15. Ng5 {[%clk 0:37:18]} Qc6
{[%clk 1:13:09]} 16. h4 {[%clk 0:28:18]} Rad8 {[%clk 1:04:07]} 17. Qb3
{[%clk 0:28:15]} h6 {[%clk 0:52:42]} 18. Nh3 {[%clk 0:28:27]} e5 {[%clk 0:52:53]}
19. Be3 {[%clk 0:23:42]} Nc7 {[%clk 0:50:18]} 20. Rad1 {[%clk 0:20:07]} Ne6
{[%clk 0:44:12]} 21. Rxd8 {[%clk 0:19:13]} Rxd8 {[%clk 0:44:32]} 22. Rd1
{[%clk 0:16:35]} Nd4 {[%clk 0:44:30]} 23. Qc3 {[%clk 0:07:20]} Qg6
{[%clk 0:43:36]} 24. Qa3 {[%clk 0:05:47]} Rd7 {[%clk 0:37:04]} 25. Qa4
{[%clk 0:04:29]} Qe6 {[%clk 0:37:21]} 26. a3 {[%clk 0:04:19]} Bd6
{[%clk 0:35:28]} 27. Rd2 {[%clk 0:03:52]} Rf7 {[%clk 0:35:26]} 28. Ng1
{[%clk 0:03:19]} Kh7 {[%clk 0:35:15]} 29. Nh3 {[%clk 0:03:03]} a5
{[%clk 0:34:14]} 30. Ng1 {[%clk 0:02:35]} Be7 {[%clk 0:34:28]} 31. Qd1
{[%clk 0:01:50]} Qxc4 {[%clk 0:34:36]} 32. Qb1 {[%clk 0:01:46]} Nf5
{[%clk 0:34:40]} 33. b3 {[%clk 0:01:45]} Qe6 {[%clk 0:28:15]} 34. Qxe4
{[%clk 0:02:01]} Qg6 {[%clk 0:19:33]} 35. Kh2 {[%clk 0:01:53]} Nxh4
{[%clk 0:19:41]} 36. Qxe5 {[%clk 0:01:23]} Bf6 {[%clk 0:19:03]} 37. Qd5
{[%clk 0:01:11]} Nf5 {[%clk 0:19:22]} 38. Rd3 {[%clk 0:00:46]} Re7
{[%clk 0:19:24]} 39. Nf3 {[%clk 0:00:43]} Qh5+ {[%clk 0:13:21]} 40. Kg1
{[%clk 0:30:35]} Qh3 {[%clk 0:39:59]} 41. Qc6 {[%clk 0:18:46]} Nxe3
{[%clk 0:39:30]} 42. Rxe3 {[%clk 0:18:43]} Rxe3 {[%clk 0:39:47]} 43. fxe3
{[%clk 0:19:11]} Qxg3+ {[%clk 0:40:10]} 44. Kf1 {[%clk 0:19:04]} Qb8
{[%clk 0:35:38]} 45. a4 {[%clk 0:17:36]} Qd8 {[%clk 0:36:03]} 46. Kg2
{[%clk 0:13:59]} g6 {[%clk 0:36:15]} 47. Qe6 {[%clk 0:11:25]} Bg7
{[%clk 0:36:15]} 48. e4 {[%clk 0:10:57]} Qf6 {[%clk 0:36:39]} 49. Qc4
{[%clk 0:07:15]} g5 {[%clk 0:31:51]} 50. e5 {[%clk 0:06:01]} Qf5 {[%clk 0:32:03]}
51. e6 {[%clk 0:05:30]} Bf6 {[%clk 0:32:22]} 52. Nd2 {[%clk 0:04:26]} Kg7
{[%clk 0:31:51]} 53. e3 {[%clk 0:02:44]} h5 {[%clk 0:31:29]} 54. Ne4
{[%clk 0:02:51]} g4 {[%clk 0:27:04]} 55. Nxf6 {[%clk 0:01:47]} Kxf6
{[%clk 0:27:19]} 56. e7 {[%clk 0:01:38]} Kxe7 {[%clk 0:27:22]} 57. Qc3
{[%clk 0:01:57]} Kd6 {[%clk 0:26:45]} 58. Qg7 {[%clk 0:01:42]} Qe4+
{[%clk 0:26:56]} 59. Kf1 {[%clk 0:01:30]} Qf3+ {[%clk 0:27:21]} 60. Kg1
{[%clk 0:01:58]} Qxe3+ {[%clk 0:27:45]} 61. Kg2 {[%clk 0:02:21]} Qe4+
{[%clk 0:26:49]} 62. Kf1 {[%clk 0:02:34]} Qf4+ {[%clk 0:25:44]} 63. Kg2
{[%clk 0:02:53]} Qf3+ {[%clk 0:26:09]} 64. Kg1 {[%clk 0:03:16]} g3
{[%clk 0:26:01]} 0-1

[Event "WCO 2016"]
[Site "?"]
[Date "2016.09.11"]
[Round "9"]
[Board "7"]
[WhiteID "5806453"]
[White "Tin Ruiqi"]
[BlackID "14512670"]
[Black "Deur Saric Zrinka"]
[Result "0-1"]
[BlackElo "2185"]
[WhiteElo "1892"]
[LiveChessVersion "1.4.8"]

1. e4 {[%clk 1:30:58]} c5 {[%clk 1:30:55]} 2. Nf3 {[%clk 1:31:24]} d6
{[%clk 1:31:19]} 3. c3 {[%clk 1:31:49]} Nf6 {[%clk 1:31:40]} 4. Bd3
{[%clk 1:32:11]} Nc6 {[%clk 1:31:35]} 5. Bc2 {[%clk 1:31:59]} Bg4
{[%clk 1:31:48]} 6. d3 {[%clk 1:31:03]} e6 {[%clk 1:31:50]} 7. Nbd2
{[%clk 1:30:31]} Be7 {[%clk 1:31:40]} 8. h3 {[%clk 1:30:17]} Bh5 {[%clk 1:32:01]}
9. Nf1 {[%clk 1:28:09]} Qc7 {[%clk 1:27:51]} 10. Ng3 {[%clk 1:27:02]} Bg6
{[%clk 1:28:15]} 11. O-O {[%clk 1:26:13]} O-O {[%clk 1:24:18]} 12. Nh2
{[%clk 1:18:24]} d5 {[%clk 1:18:27]} 13. f4 {[%clk 1:08:29]} c4 {[%clk 1:04:44]}
14. Qf3 {[%clk 0:41:40]} cxd3 {[%clk 0:48:33]} 15. Bxd3 {[%clk 0:42:00]} dxe4
{[%clk 0:43:49]} 16. Nxe4 {[%clk 0:41:11]} Nxe4 {[%clk 0:42:56]} 17. Bxe4
{[%clk 0:41:33]} Bc5+ {[%clk 0:43:14]} 18. Kh1 {[%clk 0:33:25]} Rad8
{[%clk 0:40:48]} 19. Qe2 {[%clk 0:22:24]} Ne7 {[%clk 0:34:55]} 20. Bxg6
{[%clk 0:14:56]} hxg6 {[%clk 0:27:14]} 21. Nf3 {[%clk 0:13:49]} Nf5
{[%clk 0:27:01]} 22. Kh2 {[%clk 0:13:36]} Bd6 {[%clk 0:23:40]} 23. Ng5
{[%clk 0:11:20]} e5 {[%clk 0:20:57]} 24. g3 {[%clk 0:04:24]} exf4
{[%clk 0:19:39]} 25. Bxf4 {[%clk 0:02:34]} Rfe8 {[%clk 0:18:16]} 26. Qg2
{[%clk 0:02:09]} Bxf4 {[%clk 0:13:10]} 27. Rxf4 {[%clk 0:02:23]} f6
{[%clk 0:12:59]} 28. Nf3 {[%clk 0:01:24]} Re7 {[%clk 0:07:57]} 29. Re1
{[%clk 0:01:10]} b6 {[%clk 0:02:48]} 30. a3 {[%clk 0:00:46]} Rxe1
{[%clk 0:01:39]} 31. Nxe1 {[%clk 0:01:11]} Qd6 {[%clk 0:02:02]} 32. Nc2
{[%clk 0:00:46]} Qd1 {[%clk 0:01:04]} 33. Rf1 {[%clk 0:01:08]} Qd2
{[%clk 0:01:04]} 34. Rf2 {[%clk 0:01:09]} Qg5 {[%clk 0:00:53]} 35. Re2
{[%clk 0:01:04]} Rd3 {[%clk 0:00:51]} 36. g4 {[%clk 0:00:38]} Qf4+
{[%clk 0:01:11]} 37. Kh1 {[%clk 0:00:38]} Ng3+ {[%clk 0:01:33]} 0-1

[Event "WCO 2016"]
[Site "?"]
[Date "2016.09.11"]
[Round "9"]
[Board "8"]
[WhiteID "14502313"]
[White "Vujnovic Patricija"]
[BlackID "5804566"]
[Black "Hng Mei-En Emmanuelle"]
[Result "1/2-1/2"]
[BlackElo "1883"]
[WhiteElo "2137"]
[LiveChessVersion "1.4.8"]

1. b3 {[%clk 1:30:57]} e5 {[%clk 1:29:08]} 2. Bb2 {[%clk 1:31:22]} Nc6
{[%clk 1:29:21]} 3. e3 {[%clk 1:31:19]} Nf6 {[%clk 1:26:56]} 4. Bb5
{[%clk 1:21:50]} d6 {[%clk 1:22:08]} 5. d4 {[%clk 1:18:49]} Bd7 {[%clk 1:15:19]}
6. Nf3 {[%clk 1:11:39]} e4 {[%clk 1:10:58]} 7. Nfd2 {[%clk 1:11:23]} d5
{[%clk 1:04:01]} 8. Be2 {[%clk 1:10:13]} Bd6 {[%clk 0:56:21]} 9. c4
{[%clk 1:07:58]} O-O {[%clk 0:54:38]} 10. Nc3 {[%clk 1:00:29]} Re8
{[%clk 0:47:57]} 11. cxd5 {[%clk 0:58:20]} Nb4 {[%clk 0:47:37]} 12. Nc4
{[%clk 0:57:11]} Nbxd5 {[%clk 0:31:22]} 13. Nxd5 {[%clk 0:56:20]} Nxd5
{[%clk 0:31:43]} 14. Nxd6 {[%clk 0:56:14]} cxd6 {[%clk 0:32:06]} 15. Bc4
{[%clk 0:55:02]} Nb6 {[%clk 0:27:34]} 16. d5 {[%clk 0:46:44]} Qg5
{[%clk 0:26:22]} 17. Kf1 {[%clk 0:44:17]} Nc8 {[%clk 0:16:51]} 18. h4
{[%clk 0:43:11]} Qg6 {[%clk 0:14:32]} 19. Be2 {[%clk 0:37:43]} Ne7
{[%clk 0:12:50]} 20. g4 {[%clk 0:33:50]} f6 {[%clk 0:12:29]} 21. g5 Qf5
{[%clk 0:12:42]} 22. gxf6 {[%clk 0:29:29]} Nxd5 {[%clk 0:11:34]} 23. Bc4
{[%clk 0:27:58]} Be6 {[%clk 0:11:32]} 24. Bxd5 {[%clk 0:27:00]} Bxd5
{[%clk 0:11:51]} 25. Rg1 {[%clk 0:12:00]} g6 {[%clk 0:10:23]} 26. f7+
{[%clk 0:09:19]} Kxf7 {[%clk 0:06:40]} 27. Rg5 {[%clk 0:09:00]} Qh3+
{[%clk 0:06:29]} 28. Kg1 {[%clk 0:09:19]} Bc6 {[%clk 0:04:41]} 29. Qd4
{[%clk 0:07:22]} Re5 {[%clk 0:04:19]} 30. Rxe5 {[%clk 0:02:49]} dxe5
{[%clk 0:04:12]} 31. Qxe5 {[%clk 0:02:55]} Qxh4 {[%clk 0:02:58]} 32. Qg7+
{[%clk 0:02:40]} Ke6 {[%clk 0:02:55]} 33. Qe5+ {[%clk 0:02:31]} Kf7
{[%clk 0:03:15]} 34. Qg7+ {[%clk 0:01:42]} Ke6 {[%clk 0:03:37]} 35. Qe5+
{[%clk 0:01:20]} Kf7 {[%clk 0:03:58]} 36. Qg7+ {[%clk 0:01:15]} Ke6
{[%clk 0:04:22]} 1/2-1/2

[Event "WCO 2016"]
[Site "?"]
[Date "2016.09.11"]
[Round "9"]
[Board "9"]
[WhiteID "200468"]
[White "Goossens Hanne"]
[BlackID "3409414"]
[Black "Abarca Gonzalez Damaris"]
[Result "1-0"]
[BlackElo "2092"]
[WhiteElo "2149"]
[LiveChessVersion "1.4.8"]

1. e4 {[%clk 1:30:57]} c5 {[%clk 1:30:52]} 2. Nf3 {[%clk 1:31:21]} Nc6
{[%clk 1:31:13]} 3. d4 {[%clk 1:31:46]} cxd4 {[%clk 1:31:37]} 4. Nxd4
{[%clk 1:32:01]} e5 {[%clk 1:31:51]} 5. Nb5 {[%clk 1:32:07]} a6 {[%clk 1:32:16]}
6. Nd6+ {[%clk 1:32:04]} Bxd6 {[%clk 1:32:38]} 7. Qxd6 {[%clk 1:32:29]} Qf6
{[%clk 1:33:04]} 8. Qd1 {[%clk 1:30:48]} Qg6 {[%clk 1:33:02]} 9. Nc3
{[%clk 1:30:53]} Nge7 {[%clk 1:33:05]} 10. Be3 {[%clk 1:27:13]} d5
{[%clk 1:27:27]} 11. exd5 {[%clk 1:23:02]} Nb4 {[%clk 1:27:18]} 12. Bd3
{[%clk 1:21:42]} Nxd3+ {[%clk 1:16:54]} 13. Qxd3 {[%clk 1:21:22]} Bf5
{[%clk 1:15:10]} 14. Qd2 {[%clk 1:19:20]} O-O {[%clk 1:10:41]} 15. O-O
{[%clk 1:10:03]} Rfd8 {[%clk 1:02:13]} 16. f3 {[%clk 1:03:10]} Bxc2
{[%clk 1:02:05]} 17. Bc5 {[%clk 0:59:02]} Rd7 {[%clk 0:48:54]} 18. d6
{[%clk 0:55:46]} Rad8 {[%clk 0:30:42]} 19. Rf2 {[%clk 0:49:13]} Bf5
{[%clk 0:29:52]} 20. dxe7 {[%clk 0:46:51]} Rxd2 {[%clk 0:29:35]} 21. Rxd2
{[%clk 0:46:56]} Re8 {[%clk 0:23:20]} 22. Rd8 {[%clk 0:22:31]} Qc6
{[%clk 0:20:34]} 23. Rxe8+ {[%clk 0:21:49]} Qxe8 {[%clk 0:21:02]} 24. Rd1
{[%clk 0:21:02]} Bd7 {[%clk 0:20:59]} 25. Nd5 {[%clk 0:18:07]} Qc8
{[%clk 0:17:15]} 26. b4 {[%clk 0:17:48]} Be8 {[%clk 0:15:25]} 27. Nb6
{[%clk 0:17:07]} Qc6 {[%clk 0:15:06]} 28. Rd8 {[%clk 0:16:50]} h6
{[%clk 0:11:28]} 29. Rc8 {[%clk 0:13:50]} f6 {[%clk 0:06:00]} 30. Rxc6
{[%clk 0:14:03]} Bxc6 {[%clk 0:06:28]} 31. h4 {[%clk 0:12:06]} h5
{[%clk 0:06:32]} 32. Kf2 {[%clk 0:12:02]} Kf7 {[%clk 0:06:50]} 33. Ke3
{[%clk 0:12:13]} g5 {[%clk 0:06:06]} 34. g3 {[%clk 0:11:22]} gxh4
{[%clk 0:04:44]} 35. gxh4 {[%clk 0:11:42]} f5 {[%clk 0:04:41]} 36. f4
{[%clk 0:10:44]} Ke6 {[%clk 0:04:12]} 37. a3 {[%clk 0:07:50]} e4 {[%clk 0:03:15]}
38. Kd4 {[%clk 0:07:38]} Bb5 {[%clk 0:03:22]} 39. Nc4 {[%clk 0:07:14]} 1-0

[Event "WCO 2016"]
[Site "?"]
[Date "2016.09.11"]
[Round "9"]
[Board "10"]
[WhiteID "3418723"]
[White "Gomez Barrera Javiera Belen"]
[BlackID "14104946"]
[Black "Morozova Iuliia"]
[Result "1-0"]
[BlackElo "2025"]
[WhiteElo "2027"]
[LiveChessVersion "1.4.8"]

1. e4 {[%clk 1:30:53]} c5 {[%clk 1:30:55]} 2. Nf3 {[%clk 1:31:15]} d6
{[%clk 1:31:19]} 3. d4 {[%clk 1:31:36]} cxd4 {[%clk 1:31:44]} 4. Nxd4
{[%clk 1:32:02]} Nf6 {[%clk 1:32:04]} 5. Nc3 {[%clk 1:32:26]} g6 {[%clk 1:32:30]}
6. Be3 {[%clk 1:32:45]} Bg7 {[%clk 1:32:28]} 7. f3 {[%clk 1:33:06]} O-O
{[%clk 1:32:51]} 8. Qd2 {[%clk 1:33:27]} Nc6 {[%clk 1:33:13]} 9. Bc4
{[%clk 1:33:49]} Bd7 {[%clk 1:33:34]} 10. Bb3 {[%clk 1:34:09]} Na5
{[%clk 1:28:24]} 11. h4 {[%clk 1:34:31]} Nxb3 {[%clk 0:58:31]} 12. axb3
{[%clk 1:34:52]} e5 {[%clk 0:58:01]} 13. Nde2 {[%clk 1:34:04]} Be6
{[%clk 0:52:59]} 14. Bh6 {[%clk 1:28:26]} d5 {[%clk 0:45:47]} 15. Bxg7
{[%clk 1:25:31]} Kxg7 {[%clk 0:46:03]} 16. exd5 {[%clk 1:07:43]} Nxd5
{[%clk 0:45:04]} 17. Nxd5 {[%clk 0:59:44]} Qxd5 {[%clk 0:44:07]} 18. Qxd5
{[%clk 0:59:52]} Bxd5 {[%clk 0:44:31]} 19. Ra5 {[%clk 1:00:15]} Be6
{[%clk 0:30:46]} 20. Rxe5 {[%clk 1:00:30]} Rfd8 {[%clk 0:30:48]} 21. Rc5
{[%clk 0:47:17]} Rd7 {[%clk 0:29:48]} 22. Nf4 {[%clk 0:47:11]} Bf5
{[%clk 0:28:58]} 23. O-O {[%clk 0:44:17]} Rd2 {[%clk 0:16:34]} 24. Rc1
{[%clk 0:36:18]} Rad8 {[%clk 0:16:40]} 25. Kf1 {[%clk 0:31:41]} R8d4
{[%clk 0:13:05]} 26. Ke1 {[%clk 0:29:25]} Bxc2 {[%clk 0:11:28]} 27. Ne2
{[%clk 0:26:17]} Bxb3 {[%clk 0:02:06]} 28. Nxd4 {[%clk 0:26:39]} Rxd4
{[%clk 0:02:29]} 29. g3 {[%clk 0:26:12]} Bd5 {[%clk 0:01:53]} 30. Ke2
{[%clk 0:25:00]} Bc6 {[%clk 0:02:05]} 31. R1c3 {[%clk 0:23:06]} Rd6
{[%clk 0:01:33]} 32. Re3 {[%clk 0:22:29]} h5 {[%clk 0:01:13]} 33. Rc2
{[%clk 0:17:10]} a6 {[%clk 0:01:17]} 34. Ke1 {[%clk 0:16:44]} Rd4
{[%clk 0:01:15]} 35. b3 {[%clk 0:16:02]} Rb4 {[%clk 0:01:11]} 36. Rc4
{[%clk 0:14:41]} Rxc4 {[%clk 0:00:58]} 37. bxc4 {[%clk 0:15:10]} Kf6
{[%clk 0:01:22]} 38. g4 {[%clk 0:15:09]} hxg4 {[%clk 0:01:22]} 39. fxg4
{[%clk 0:15:37]} Bd7 {[%clk 0:01:37]} 40. Rf3+ {[%clk 0:42:15]} Ke7
{[%clk 0:30:49]} 41. Rf4 {[%clk 0:42:33]} Kf8 {[%clk 0:24:06]} 42. h5
{[%clk 0:39:12]} gxh5 {[%clk 0:19:27]} 43. gxh5 {[%clk 0:39:41]} Kg7
{[%clk 0:19:48]} 44. Kf2 {[%clk 0:37:30]} Be6 {[%clk 0:16:43]} 45. Kg3
{[%clk 0:37:46]} b5 {[%clk 0:06:57]} 46. c5 {[%clk 0:24:35]} a5 {[%clk 0:07:21]}
47. c6 {[%clk 0:24:58]} b4 {[%clk 0:07:37]} 48. c7 {[%clk 0:25:10]} b3
{[%clk 0:07:52]} 49. h6+ {[%clk 0:25:32]} Kg8 {[%clk 0:05:56]} 50. Rc4
{[%clk 0:13:00]} Bc8 {[%clk 0:04:30]} 51. Rc6 {[%clk 0:12:29]} a4
{[%clk 0:03:56]} 52. Rb6 {[%clk 0:12:58]} Kh7 {[%clk 0:04:10]} 53. Kf4
{[%clk 0:12:53]} f6 {[%clk 0:03:43]} 54. Rb4 {[%clk 0:10:49]} Kxh6
{[%clk 0:02:41]} 55. Rxa4 {[%clk 0:11:13]} Kg7 {[%clk 0:02:58]} 56. Ra8
{[%clk 0:08:37]} b2 {[%clk 0:03:04]} 57. Rb8 {[%clk 0:08:57]} Kf7
{[%clk 0:03:17]} 58. Rxb2 {[%clk 0:09:17]} Ke7 {[%clk 0:03:31]} 59. Rd2
{[%clk 0:09:08]} Bd7 {[%clk 0:03:41]} 60. Rd4 {[%clk 0:08:51]} Ke6
{[%clk 0:03:03]} 61. Ke3 {[%clk 0:08:52]} Ke7 {[%clk 0:03:07]} 62. Kd3
{[%clk 0:08:59]} Bb5+ {[%clk 0:02:56]} 63. Kc3 {[%clk 0:09:09]} Bd7
{[%clk 0:03:02]} 64. Kb4 {[%clk 0:09:22]} Ke6 {[%clk 0:00:43]} 65. Kc5
{[%clk 0:09:38]} f5 {[%clk 0:01:07]} 66. Kb6 {[%clk 0:09:50]} Bc8
{[%clk 0:00:36]} 67. Rd8 {[%clk 0:10:12]} 1-0